Estatísticas para Capitais do Brasil

Clique aqui para jogar o quiz

Estatísticas Gerais

  • Esse quiz foi jogado 105 vezes
  • A pontuação média é 23 de 27

Estatísticas das Respostas

EstadoCapital% Correto
AmazonasManaus
94%
São PauloSão Paulo
94%
AcreRio Branco
93%
Rio de JaneiroRio de Janeiro
93%
GoiásGoiânia
92%
AmapáMacapá
90%
Distrito FederalBrasília
89%
Minas GeraisBelo Horizonte
88%
ParanáCuritiba
88%
Santa CatarinaFlorianópolis
88%
CearáFortaleza
88%
Rio Grande do NorteNatal
88%
Rio Grande do SulPorto Alegre
88%
BahiaSalvador
88%
ParáBelém
85%
TocantinsPalmas
85%
Espírito SantoVitória
85%
MaranhãoSão Luís
82%
Mato Grosso do SulCampo Grande
79%
Mato GrossoCuiabá
79%
RondôniaPorto Velho
79%
PernambucoRecife
79%
ParaíbaJoão Pessoa
76%
AlagoasMaceió
76%
SergipeAracaju
75%
PiauíTeresina
71%
RoraimaBoa Vista
65%

Distribuição das Pontuações

Percentil de Números Respondidos

Porcentagem de Pessoas com Cada Pontuação

Sua Pontuação Histórica

Você não jogou esse quiz